000 00972cam a2200229 4500
001 ABS62539
008 000000n2000 000 0 eng u
035 _a(Sirsi) u107049
100 _aWatson, P.
245 3 _aAn evaluation of the state of readiness for the implementation of ISO9000/2000 within the UK construction industry
260 _c2000
490 _aBuilding Engineer
_v75(7) July 2000, 15-17(3)
520 _aPaper discusses the findings of a postal questionnaire testing construction companies knowledge of the new ISO 9000/2000 series due for issue in November 2000. Concludes that although most companies are aware of the new standard, only a few businesses are taking a proactive approach regarding the implementation process. Graphs.
590 _aABS
650 _aISO 9000
650 _aCONSTRUCTION INDUSTRY
650 _aISO STANDARDS
650 _aIMPLEMENTATION
690 _aQUALITY ASSURANCE
700 _aBosworth, J.
942 _n0
999 _c64016
_d64016